| 000 | 00473nam a2200181Ia 4500 | ||
|---|---|---|---|
| 003 | LK-CoDNM | ||
| 008 | 010623t1901 xxu||||| |||| 00| 1 eng d | ||
| 040 |
_aLK-CoDNM _dLK-CoDNM _eLK-CoDNM |
||
| 041 | _aeng | ||
| 080 | _a9 S 10 | ||
| 100 | _aMuller,F.Max | ||
| 245 | _aSacred Books of the East : Pahlavi Texts | ||
| 260 |
_bOxford _aLondon _c1901 |
||
| 300 | _blxxiv,446p., 22 cm | ||
| 700 |
_aVarious Oriental Scholars. _eed. |
||
| 700 |
_aWest,E.W. _eed. |
||
| 942 | _cBK | ||
| 999 |
_c85156 _d85156 |
||